[Event "BUL-ch"]
[Site "Plovdiv"]
[Date "1999.05.22"]
[Round "11"]
[White "Marholev, Dimitar"]
[Black "Spasov, Vasil"]
[Result "0-1"]
[WhiteElo "2307"]
[BlackElo "2587"]

1.e4 c5 2.Nc3 e6 3.Nge2 Nc6 4.d4 cxd4 5.Nxd4 Nf6 6.Ndb5 d6 7.Bf4 e5 8.Bg5 a6
9.Na3 b5 10.Nd5 Be7 11.Bxf6 Bxf6 12.c3 O-O 13.Be2 Bg5 14.Nc2 Ne7 15.Nce3 Be6
16.Nxe7+ Qxe7 17.Nd5 Qb7 18.O-O Bxd5 19.Qxd5 Qxd5 20.exd5 Rfb8 21.g3 a5 22.b3 b4
23.c4 Rc8 24.a3 bxa3 25.Rxa3 Bd2 26.Bg4 Rc7 27.Rfa1 g6 28.R1a2 Bc3 29.Ra4 Rb8
30.Bd1 Rc5 31.f3 Kg7 32.Bc2 f5 33.h4 h5 34.Bd1 Kf6 35.Rh2 Rc7 36.Raa2 Rg7
37.Kf2 Rbg8 38.f4 e4 39.Bc2 Rb7 40.Rh1 Rgb8 41.Rb1 Ke7 42.Rf1 Rxb3 43.Bxb3 Rxb3
44.Rc1 Kd7 45.Rac2 Bd4+  0-1

[Event "CRO-Cup"]
[Site "Pula"]
[Date "1999.05.27"]
[Round "4"]
[White "Leventic, Ivan"]
[Black "Sale, Srdjan"]
[Result "1/2-1/2"]
[WhiteElo "2374"]
[BlackElo "2415"]

1.e4 c5 2.Nf3 e6 3.d4 cxd4 4.Nxd4 Nc6 5.Nc3 a6 6.Nxc6 bxc6 7.Bd3 d5 8.O-O Nf6
9.Qe2 Be7 10.f4 Bb7 11.Kh1 Qc7 12.Bd2 c5 13.exd5 exd5 14.Rae1 Kf8 15.Na4 Bd6
16.c4 h5 17.cxd5 h4 18.Nc3 h3 19.Be4 Re8 20.Qd3 c4 21.Qd4 Bc5 22.Qxc4 hxg2+
23.Bxg2 Rxe1 24.Rxe1 Rxh2+ 25.Kxh2 Bg1+ 26.Kxg1 Qxc4 27.Re2 Nxd5 28.Rf2 Nxc3
29.Bxb7 Nd1 30.Rg2 Qd4+ 31.Kf1 Ne3+ 32.Bxe3 Qxe3 33.Rf2 Qd3+ 34.Kg2 Qg6+
35.Kf3 Qd3+ 36.Kg2 Ke7 37.a3 Kf6 38.Bf3 Kf5 39.Be2 Qd5+ 40.Kg3 Qb3+ 41.Rf3 Qb6
42.Bd3+ Kf6 43.b4 g6 44.Kg2 Qd6 45.Kf2 Qb6+ 46.Kg2 Ke7 47.Be2 Ke6 48.Bd3 Kd5
49.Kh2 Kd4 50.Kg2 f5 51.Kh2 Qc6 52.Kg2 Qb6 53.Kh2 Qe6 54.Kg3 Qe1+ 55.Kg2 Qd2+
56.Kg3 Qc1 57.Bf1 Qe1+ 58.Kg2 Qe6 59.Kg3 Qc6 60.Bd3 Qc1 61.Bf1 g5 62.fxg5 Qxg5+
63.Kf2 Qh4+ 64.Kg2 Qf6 65.Kg3 Qd6+ 66.Kg2 Ke5 67.Bd3 f4 68.Be2 Kf5 69.Kf2 Kg5
70.Kf1 Qd5 71.Kf2 Qc6 72.Kf1 Qb6 73.Rd3 Qc6 74.Rf3 Qc1+ 75.Kf2 Qd2 76.Kf1 Qd6
77.Kf2 Kf5 78.Kf1 Ke5 79.Kf2 Qb6+ 80.Kf1 Ke4 81.Rd3 Qh6 82.Rf3 Qh2 83.Rd3 Qh1+
84.Kf2 Qh2+ 85.Kf1  1/2-1/2

[Event "Pula op 13th"]
[Site "Pula"]
[Date "1999.05.29"]
[Round "1"]
[White "Sax, Gyula"]
[Black "Kosmac, Blaz"]
[Result "1-0"]
[WhiteElo "2524"]
[BlackElo "2148"]

1.e4 c5 2.Nf3 e6 3.d4 cxd4 4.Nxd4 Nc6 5.Nc3 Qc7 6.f4 a6 7.Be3 b5 8.Bd3 Bb7
9.Qf3 Nf6 10.O-O Nxd4 11.Bxd4 Bc5 12.Bxc5 Qxc5+ 13.Kh1 b4 14.Ne2 d5 15.e5 Ne4
16.Ng3 Qd4 17.c3 bxc3 18.bxc3 Nxc3 19.Nh5 O-O-O 20.Bxa6 Bxa6 21.Rfc1 Bd3
22.f5 exf5 23.Nf4 Bc4 24.Rxc3 g5 25.Nxd5 Rxd5 26.Rac1 Qxe5 27.Rxc4+ Kd7 28.Rc7+ Ke6
29.R1c6+ Rd6 30.Qb3+ Qd5 31.Rxd6+  1-0

[Event "Pula op 13th"]
[Site "Pula"]
[Date "1999.06.01"]
[Round "4"]
[White "Roschina, Tatiana"]
[Black "Kosmac, Blaz"]
[Result "1-0"]
[WhiteElo "2245"]
[BlackElo "2148"]

1.e4 c5 2.Nf3 e6 3.d4 cxd4 4.Nxd4 Nc6 5.Nc3 Qc7 6.Be3 a6 7.Bd3 b5 8.Nxc6 Qxc6
9.O-O Bb7 10.a3 Nf6 11.Qe2 h5 12.h3 Bc5 13.Bxc5 Qxc5 14.e5 Qc6 15.f4 Nd5
16.Nxd5 Qxd5 17.Kh1 g6 18.Rad1 Rc8 19.Rd2 Qc6 20.Rfd1 O-O 21.c3 d6 22.exd6 Rcd8
23.Bc2 Rd7 24.Rd4 Rfd8 25.Be4 Qb6 26.Bxb7 Qxb7 27.Qe5 Qb6 28.Kh2 Rc8 29.R1d3 Rc6
30.f5 Rc5 31.Rd5 Rxd5 32.Rxd5 exd5 33.Qe8+ Kg7 34.f6+ Kh6 35.Qxd7 Qf2 36.Qe7 Qf4+
37.Kg1 Qc1+ 38.Kf2 Qd2+ 39.Kf3 g5 40.Qe3 Qd1+ 41.Qe2 Qc1 42.Qe5 h4 43.d7 Qf1+
44.Ke3 d4+ 45.Qxd4 Qg1+ 46.Kd2 Qxg2+ 47.Kc1 Qf1+ 48.Qd1  1-0

[Event "Rhein Main op"]
[Site "Frankfurt"]
[Date "1999.06.05"]
[Round "5"]
[White "Pfreundtner, Bernhard"]
[Black "Enzmann, Steffen"]
[Result "1/2-1/2"]
[WhiteElo "2116"]
[BlackElo "2124"]

1.e4 c5 2.Nf3 Nc6 3.Nc3 e6 4.d4 cxd4 5.Nxd4 Nf6 6.Ndb5 d6 7.Bf4 e5 8.Nd5 Nxd5
9.exd5 exf4 10.dxc6 bxc6 11.Qf3 d5 12.O-O-O Be7 13.Qc3 O-O 14.Qxc6 Bg4 15.Rxd5 Qa5
16.Nc3 Qb4 17.a3 Qb8 18.Ba6 f3 19.g3 Qb6 20.Qxb6 axb6 21.Bb7 Ra7 22.Rd4 Rxb7
23.Rxg4 Rd7 24.Rd1 Rfd8 25.Rxd7 Rxd7 26.Re4 f5 27.Re5 Bg5+ 28.Kb1 g6 29.Nd5 Kg7
30.c4 Rd6 31.h4 Bh6 32.Re7+ Kf8 33.Re5 Rc6 34.b3 b5 35.cxb5 Rc1+ 36.Kb2 Rf1
37.Kc2 Rxf2+ 38.Kd1 Rb2 39.Ke1 Bg7 40.Re3 f2+ 41.Kf1 Bd4  1/2-1/2

[Event "Guillermo Garcia mem-B"]
[Site "Santa Clara"]
[Date "1999.06.05"]
[Round "11"]
[White "Perez, Rodney"]
[Black "Perdomo, Carlos Andres"]
[Result "0-1"]
[WhiteElo "2406"]
[BlackElo "2410"]

1.e4 c5 2.Nf3 e6 3.Nc3 Nc6 4.d4 cxd4 5.Nxd4 Qc7 6.Be2 Nf6 7.O-O a6 8.Be3 Be7
9.f4 d6 10.Qe1 Bd7 11.Qg3 g6 12.e5 Nd5 13.Nxd5 exd5 14.exd6 Qxd6 15.Rad1 Nxd4
16.Bxd4 O-O 17.Bf3 Bc6 18.Qe1 Rfe8 19.Qe5 Qxe5 20.Bxe5 Bb5 21.Rxd5 Bxf1 22.Kxf1 Rac8
23.Rd7 Rxc2 24.Rxb7 Bc5 25.Bd5 Rf2+ 26.Ke1 Rxf4  0-1

[Event "Salongernas IM"]
[Site "Stockholm"]
[Date "1999.06.07"]
[Round "3"]
[White "Couso, Luis"]
[Black "Lindberg, Bengt"]
[Result "1-0"]
[WhiteElo "2302"]
[BlackElo "2307"]

1.e4 c5 2.Nf3 e6 3.d4 cxd4 4.Nxd4 Nc6 5.Nc3 a6 6.Be2 Qc7 7.O-O Nf6 8.Kh1 Bb4
9.Nxc6 bxc6 10.Bd3 d5 11.Qe2 O-O 12.e5 Nd7 13.f4 f5 14.Na4 c5 15.c3 Ba5 16.Be3 Qc6
17.Bc2 Bb7 18.Rac1 Rfc8 19.a3 Bd8 20.b4 Be7 21.Bb3 c4 22.Bc2 a5 23.Ra1 Ra6
24.Rfb1 axb4 25.axb4 Qb5 26.Bd4 Rca8 27.Qd1 Bc6 28.Nb2 Nb6 29.Rxa6 Qxa6 30.Qg1 Nd7
31.g4 fxg4 32.Qxg4 Nf8 33.Rg1 g6 34.f5 exf5 35.Bxf5 Be8 36.Nd1 Bf7 37.Ne3 Rd8
38.b5 Qxb5 39.e6 Be8 40.Bxg6 Nxg6 41.Nf5 Bf8 42.e7 Rd7 43.Nh6+ Bxh6 44.Qe6+  1-0

[Event "Pula op 13th"]
[Site "Pula"]
[Date "1999.06.08"]
[Round "9"]
[White "Orak, Ljubomir"]
[Black "Kosmac, Blaz"]
[Result "1-0"]
[WhiteElo "2355"]
[BlackElo "2148"]

1.e4 c5 2.Nf3 e6 3.d4 cxd4 4.Nxd4 Nc6 5.Nc3 Qc7 6.g3 a6 7.Bg2 Nf6 8.O-O Nxd4
9.Qxd4 Bc5 10.Bf4 d6 11.Qd2 h6 12.Rad1 e5 13.Be3 Ke7 14.h3 b5 15.f4 Bb7 16.fxe5 dxe5
17.Nd5+ Bxd5 18.exd5 Rhd8 19.Kh2 Bxe3 20.d6+ Qxd6 21.Qxd6+ Rxd6 22.Rxd6 Kxd6
23.Bxa8 h5 24.Kg2 Ke6 25.Bb7 a5 26.Ba6 b4 27.c3 bxc3 28.bxc3 Bd2 29.Bc4+ Ke7
30.Rb1 Bxc3 31.Rb7+ Kd6 32.Rxf7 e4 33.Rxg7 Kc5 34.Be2 Nd5 35.Rh7 Kd4 36.Rxh5 Be1
37.a4 Nc3 38.Kf1 Bd2 39.Bb5 Ke3 40.Rf5 Kd4 41.Rf8 e3 42.h4 e2+ 43.Bxe2 Nxa4
44.Rd8+ Kc3 45.h5 Nc5 46.Rxd2  1-0

[Event "CZE-ch"]
[Site "Lazne Bohdanec"]
[Date "1999.06.09"]
[Round "7"]
[White "Talla, Vladimir"]
[Black "Haba, Petr"]
[Result "1/2-1/2"]
[WhiteElo "2362"]
[BlackElo "2545"]

1.e4 c5 2.Nf3 e6 3.d4 cxd4 4.Nxd4 Nc6 5.Nc3 Qc7 6.g3 a6 7.Bg2 Nf6 8.O-O Nxd4
9.Qxd4 Bc5 10.Bf4 d6 11.Qd2 h6 12.Rad1 e5 13.Be3 Ke7 14.Bxc5 Qxc5 15.Na4 Qc6
16.f4 a5 17.Qd3 b5 18.Nc3 Qc5+ 19.Kh1 Rb8 20.Nd5+ Nxd5 21.exd5  1/2-1/2

[Event "Salongernas IM"]
[Site "Stockholm"]
[Date "1999.06.09"]
[Round "5"]
[White "Klimov, Sergey"]
[Black "Lindberg, Bengt"]
[Result "1-0"]
[WhiteElo "2432"]
[BlackElo "2307"]

1.e4 c5 2.Nf3 e6 3.d4 cxd4 4.Nxd4 Nc6 5.Nc3 a6 6.Nxc6 bxc6 7.Bd3 d5 8.O-O Bd6
9.Re1 Ne7 10.Qh5 e5 11.f4 d4 12.fxe5 Qa5 13.Rf1 Ng6 14.Nb5 Bb8 15.e6 axb5
16.exf7+ Kf8 17.e5 Nxe5 18.Bh6 Qc7 19.Bxg7+ Kxg7 20.Qxh7+  1-0

[Event "Voronezh op 3rd"]
[Site "Voronezh"]
[Date "1999.06.15"]
[Round "4"]
[White "Rodin, Dmitrij"]
[Black "Moltchanov, Roman"]
[Result "1/2-1/2"]
[WhiteElo "2260"]
[BlackElo "2411"]

1.e4 c5 2.Nf3 e6 3.d4 cxd4 4.Nxd4 Nc6 5.Nc3 Qc7 6.g3 a6 7.Bg2 Nf6 8.O-O Be7
9.Re1 d6 10.Nxc6 bxc6 11.e5 dxe5 12.Rxe5 O-O 13.Bf4 Qb7 14.Qd4 Rd8 15.Qc4 Nd5
16.Rae1 Bd7 17.Bg5 Bxg5 18.Rxg5 Qxb2 19.Na4 Qf6 20.h4 h6 21.Rge5 c5 22.Nxc5 Bb5
23.Qb3 Rac8 24.Qa3 Nb6 25.Qb4 Nc4 26.R5e4 Qb2 27.Nxa6 Bxa6 28.Rxc4 Qxa2 29.Rc5 Rxc5
30.Qxc5 Rc8 31.Qd6  1/2-1/2

[Event "Petrosian mem"]
[Site "Moscow"]
[Date "1999.06.20"]
[Round "3"]
[White "Hort, Vlastimil"]
[Black "Taimanov, Mark E"]
[Result "1/2-1/2"]
[WhiteElo "2526"]
[BlackElo "2424"]

1.e4 c5 2.Nf3 e6 3.d4 cxd4 4.Nxd4 Nc6 5.Nc3 a6 6.f4 Qc7 7.Nxc6 Qxc6 8.Bd3 b5
9.Qe2 Bb7 10.Bd2 Be7 11.a3 Rc8 12.O-O Nf6 13.e5 Nd5 14.Ne4 O-O 15.Rae1 f6
16.exf6 Nxf6 17.Ng5 b4 18.axb4 Bxb4 19.c3 Bd6  1/2-1/2

[Event "Petrosian mem"]
[Site "Moscow"]
[Date "1999.06.25"]
[Round "8"]
[White "Spassky, Boris V"]
[Black "Taimanov, Mark E"]
[Result "1/2-1/2"]
[WhiteElo "2549"]
[BlackElo "2424"]

1.e4 c5 2.Nf3 e6 3.d4 cxd4 4.Nxd4 Nc6 5.Nc3 a6 6.Be3 Nge7 7.Nb3 d6 8.h4 Qc7
9.h5 h6 10.f4 Bd7 11.Qd2 Nc8 12.a4 Na5 13.Nxa5 Qxa5 14.Be2 Be7 15.O-O O-O  1/2-1/2

[Event "Ljubljana op 10th"]
[Site "Ljubljana"]
[Date "1999.06.26"]
[Round "2"]
[White "Crepan, Marjan"]
[Black "Kukovec, Borut"]
[Result "1-0"]
[WhiteElo "2289"]
[BlackElo "2000"]

1.e4 c5 2.Nf3 Nc6 3.Nc3 e6 4.d4 cxd4 5.Nxd4 Qc7 6.Be2 a6 7.Be3 Nf6 8.a3 b5
9.f4 b4 10.axb4 Bxb4 11.Bf3 d5 12.Nxc6 Bxc3+ 13.bxc3 Qxc6 14.exd5 exd5 15.O-O Ne4
16.Ra5 Qxc3 17.Bb6 Qc6 18.Qd4 O-O 19.Rxd5 Nd2 20.Ba5 Nxf3+ 21.Rxf3 Qxc2 22.Bc3 f6
23.h4 Bb7 24.Rg3 Bxd5 25.Qxd5+ Kh8 26.Qb7 g6 27.Bxf6+ Rxf6 28.Qxa8+ Kg7 29.Qa7+ Kh6
30.Qe3 Kg7 31.Qe7+ Rf7 32.Qe5+ Rf6 33.Rc3 Qf5 34.Rc7+ Kh6 35.Qe7 Kh5 36.Rc5 Kg4
37.Rxf5 Rxf5  1-0

[Event "White Nights"]
[Site "St Petersburg"]
[Date "1999.06.28"]
[Round "3"]
[White "Chehlov, Aleksander"]
[Black "Lukin, Andrei M"]
[Result "1/2-1/2"]
[WhiteElo "2288"]
[BlackElo "2440"]

1.e4 c5 2.Nf3 Nc6 3.d4 cxd4 4.Nxd4 e6 5.Nc3 d6 6.Be2 Nf6 7.O-O Be7 8.Be3 O-O
9.f4 e5 10.fxe5 dxe5 11.Nf5 Bxf5 12.Rxf5 g6 13.Rf1 Qxd1 14.Raxd1 Kg7 15.Bg5 Nd4
16.Bd3 Ne6 17.Bxf6+ Bxf6 18.Nd5 Bg5 19.g3 h5 20.h4 Bh6 21.c3 Rad8  1/2-1/2

[Event "Andorra la Vella op"]
[Site "Andorra la Vella"]
[Date "1999.06.30"]
[Round "5"]
[White "Agopov, Mikael"]
[Black "Comas Fabrego, Luis"]
[Result "0-1"]
[WhiteElo "2398"]
[BlackElo "2541"]

1.e4 c5 2.Nc3 Nc6 3.Nf3 e6 4.d4 cxd4 5.Nxd4 Qc7 6.Be3 a6 7.Bd3 Nf6 8.O-O Ne5
9.h3 Bc5 10.Kh1 d6 11.f4 Ng6 12.a4 O-O 13.Qd2 Bd7 14.Rae1 Rad8 15.Nf3 Nh5
16.Ne2 Bxe3 17.Qxe3 e5 18.f5 Ngf4 19.Nfg1 d5 20.g3 Nxe2 21.Rxe2 dxe4 22.Bxe4 Nf6
23.Bg2 e4 24.b3 Bc6 25.Qf4 Qxf4 26.Rxf4 Nh5 27.Rg4 Nf6 28.Rf4 Nh5 29.Rg4 Rd1
30.Kh2 Rfd8 31.Rgxe4 Bxe4 32.Bxe4 R1d7 33.Bd3 Nf6 34.Nf3 Re8 35.Rxe8+ Nxe8
36.Kg2 Nf6 37.Ne5 Re7 38.Nc4 Nd7 39.Kf3 Ne5+ 40.Nxe5 Rxe5 41.Be4 b6 42.Ke3 f6
43.Kd4 Kf8 44.g4 Ke7 45.g5 Kd6 46.gxf6 gxf6 47.h4 a5 48.Kd3 Re8 49.Ke3 Ke5
50.Bd3 Rd8 51.Kf3 Rd4 52.Kg3 h6  0-1

[Event "Andorra la Vella op"]
[Site "Andorra la Vella"]
[Date "1999.07.01"]
[Round "6"]
[White "Jansa, Vlastimil"]
[Black "Agopov, Mikael"]
[Result "0-1"]
[WhiteElo "2467"]
[BlackElo "2398"]

1.e4 c5 2.Nf3 e6 3.Nc3 Nc6 4.d4 cxd4 5.Nxd4 Qc7 6.g3 a6 7.Bg2 Nf6 8.O-O Nxd4
9.Qxd4 Bc5 10.Bf4 d6 11.Qd2 h6 12.Rad1 e5 13.Be3 Ke7 14.Bxc5 Qxc5 15.Na4 Qc6
16.f4 a5 17.Qd3 b5 18.Nc3 b4 19.Nd5+ Nxd5 20.exd5 Qc5+ 21.Rf2 Ra6 22.Re1 Qc7
23.Bh3 f6 24.Qg6 Kd8 25.Be6 Qe7 26.Qd3 Rb6 27.f5 Qc7 28.Kg2 Re8 29.c3 b3
30.axb3 Rxb3 31.Re4 Qb6 32.Qc2 Re7 33.Rc4 Rc7 34.Rxc7 Kxc7 35.h4 Ba6 36.Kh2 e4
37.Kh3 e3 38.Rf3 e2 39.Qe4 Qg1 40.Bf7 e1=Q  0-1

[Event "Hotel Irottko GM"]
[Site "Koszeg"]
[Date "1999.07.03"]
[Round "11"]
[White "Weinzettl, Ernst"]
[Black "Horvath, Adam"]
[Result "1-0"]
[WhiteElo "2420"]
[BlackElo "2437"]

1.e4 c5 2.Nf3 e6 3.d4 cxd4 4.Nxd4 Nc6 5.Nc3 Qc7 6.g3 a6 7.Bg2 Nf6 8.O-O Bc5
9.Nxc6 dxc6 10.Na4 Be7 11.c4 Nd7 12.Be3 b5 13.Nc3 e5 14.cxb5 axb5 15.Rc1 Qa5
16.Bh3 b4 17.Nb1 Nf6 18.Bxc8 Rxc8 19.Nd2 Qxa2 20.b3 Rd8 21.Ra1 Qb2 22.Ra7 Qc3
23.Qe2 Bc5 24.Nb1 Qxe3 25.fxe3 Bxa7 26.Nd2 O-O 27.Kg2 Rd7 28.Rxf6 Rxd2 29.Qxd2 gxf6
30.Kf3 c5 31.Qd7 Bb6 32.Qd6 Ba7 33.Qxf6 c4 34.Qg5+ Kh8 35.Qxe5+ Kg8 36.Qa5 Bb8
37.Qxb4 cxb3 38.Qxb3 Be5 39.Qd5 Re8 40.h4 Kg7 41.g4 Re7 42.Qd8 Re6 43.g5 h6
44.Kg4 hxg5 45.hxg5 Ba1 46.Kf5 Re5+ 47.Kf4 Re6 48.Qa5 Bb2 49.Kf5 Kg8 50.Qb5 Ba1
51.Qb8+ Kg7 52.Qb1 Be5 53.g6 Bc3 54.gxf7 Rf6+ 55.Kg4 Rg6+ 56.Kf3 Rf6+ 57.Ke2 Rxf7
58.Qb5 Re7 59.Qg5+ Kf7 60.Kf3 Re6 61.Qh5+ Kg7 62.Qc5 Bb2 63.Qb5 Be5 64.Qd7+ Kf6
65.Qh7 Bd6 66.Ke2 Re5 67.Kd3 Ra5 68.Qd7 Be7 69.Qc6+ Kf7 70.Qc4+ Kf6 71.Qc6+ Kf7
72.Qc7 Rc5 73.Qb8 Ke6 74.Kd4 Bd6 75.Qe8+ Kf6 76.Qd7 Bf8 77.Qd8+  1-0

[Event "Haarlem AKN op 8th"]
[Site "Haarlem"]
[Date "1999.07.04"]
[Round "6"]
[White "Mitkov, Nikola"]
[Black "Van der Erf, Remco"]
[Result "1-0"]
[WhiteElo "2509"]
[BlackElo "2206"]

1.e4 c5 2.Nc3 Nc6 3.Nf3 e6 4.d4 cxd4 5.Nxd4 d6 6.Be3 Nf6 7.f4 a6 8.Qf3 Qc7
9.Bd3 Be7 10.O-O O-O 11.Rae1 Nxd4 12.Bxd4 e5 13.Be3 exf4 14.Qxf4 Be6 15.Nd5 Qd8
16.Nxe7+ Qxe7 17.Qh4 h6 18.Bxh6  1-0

[Event "EUCup99 (Women)"]
[Site "Nova Gorica"]
[Date "1999.07.05"]
[Round "7"]
[White "Krivec, Jana"]
[Black "Zakrevskaja, Daiva"]
[Result "1-0"]
[WhiteElo "2161"]
[BlackElo "2020"]

1.e4 c5 2.Nf3 Nc6 3.d4 cxd4 4.Nxd4 e6 5.Nc3 a6 6.g3 Qc7 7.Bg2 Nf6 8.O-O Bc5
9.Nb3 Be7 10.f4 d6 11.Be3 O-O 12.g4 Nd7 13.g5 b5 14.Qh5 b4 15.Ne2 Re8 16.Ng3 Bf8
17.Rae1 Rb8 18.f5 Nde5 19.Qh4 a5 20.Nh5 exf5 21.exf5 Ba6 22.Rf4 Ne7 23.Qf2 Rbc8
24.Nd4 d5 25.f6 N7g6 26.fxg7 Bxg7 27.Nxg7 Kxg7 28.Nf5+ Kf8 29.Rd4 Qxc2 30.Rd2 Qc7
31.Qg3 Nc4 32.Qh3 Rxe3 33.Qh6+ Ke8 34.Nxe3 Nxe3  1-0

[Event "EUCup99 (Women)"]
[Site "Nova Gorica"]
[Date "1999.07.05"]
[Round "7"]
[White "Lakos, Nikoletta"]
[Black "Zatonskih, Anna"]
[Result "1/2-1/2"]
[WhiteElo "2350"]
[BlackElo "2326"]

1.e4 c5 2.Nf3 Nc6 3.Nc3 e6 4.d4 cxd4 5.Nxd4 Nf6 6.Be2 Bb4 7.Nxc6 dxc6 8.Qxd8+ Kxd8
9.Bd2 e5 10.O-O-O Ke7 11.Nd5+ Nxd5 12.exd5 Bxd2+ 13.Rxd2 Rd8 14.Rhd1 cxd5
15.Rxd5 Rxd5 16.Rxd5 f6 17.Bf3 Bd7 18.Ra5 Bc6 19.Bxc6 bxc6 20.c4 Kd6 21.b4 Kc7
22.Ra3 Kb6 23.Rh3 a5 24.Ra3  1/2-1/2

[Event "SVK-ch"]
[Site "Nove Zamky"]
[Date "1999.07.05"]
[Round "3"]
[White "Hagarova, Zuzana"]
[Black "Janko, Z."]
[Result "1-0"]
[WhiteElo "2328"]
[BlackElo "2090"]

1.e4 c5 2.Nf3 e6 3.d4 cxd4 4.Nxd4 Nc6 5.Nc3 Qc7 6.Be3 a6 7.f4 b5 8.Qf3 b4
9.Nce2 Nf6 10.Ng3 d5 11.e5 Nd7 12.Bd3 Nxd4 13.Bxd4 Bc5 14.Ne2 Bb7 15.Qg4 g6
16.h4 Bxd4 17.Nxd4 Nc5 18.O-O-O h5 19.Qh3 Bc6 20.Rhe1 Bb5 21.Bxg6 Ke7 22.Bxf7 Kxf7
23.Nxe6 Nxe6 24.Qf5+ Kg7 25.Qf6+ Kh7 26.Qxe6 Rhf8 27.Qxd5 Rxf4 28.e6 Rc8
29.Qxh5+ Kg7 30.Qg5+ Kh7 31.Rd2 b3 32.axb3 Bd3 33.c3 Rf5 34.Qg4 Rf4 35.Qh5+  1-0

[Event "SVK-ch"]
[Site "Nove Zamky"]
[Date "1999.07.06"]
[Round "4"]
[White "Rigo, Zsolt"]
[Black "Dovzik, Juri"]
[Result "1-0"]
[WhiteElo "2222"]
[BlackElo "2435"]

1.e4 c5 2.Nf3 e6 3.d4 cxd4 4.Nxd4 Nc6 5.Nc3 Qc7 6.Be3 a6 7.Be2 Nf6 8.O-O Bb4
9.Na4 Be7 10.Nxc6 bxc6 11.Nb6 Rb8 12.Nxc8 Qxc8 13.e5 Nd5 14.Bc1 Bc5 15.c4 Ne7
16.b3 Qc7 17.Bb2 Ng6 18.Kh1 O-O 19.f4 d6 20.exd6 Bxd6 21.g3 a5 22.Qc2 Rfd8
23.h4 Bb4 24.Rad1 Rbc8 25.Bd3 Bc5 26.h5 Nf8 27.h6 f6 28.Be4 e5 29.fxe5 fxe5
30.Kg2 Bd4 31.Ba3 gxh6 32.Rf6 c5 33.Rdf1 Qg7 34.Bc1 Kh8 35.Bxh6 Qg8 36.Bd5 Qg4
37.Bxf8 e4 38.R6f4 Qg5 39.Qxe4 Re8 40.Qxh7+ Kxh7 41.Rh1+ Qh4 42.Rhxh4+  1-0

[Event "SVK-ch"]
[Site "Nove Zamky"]
[Date "1999.07.08"]
[Round "6"]
[White "Pinter, Erik"]
[Black "Dovzik, Juri"]
[Result "1/2-1/2"]
[WhiteElo "2163"]
[BlackElo "2435"]

1.e4 c5 2.Nf3 e6 3.d4 cxd4 4.Nxd4 Nc6 5.Nc3 Qc7 6.Be3 a6 7.Be2 Nf6 8.O-O Bb4
9.Na4 Be7 10.Nxc6 bxc6 11.Nb6 Rb8 12.Nxc8 Qxc8 13.e5 Nd5 14.Bc1 Bc5 15.c4 Ne7
16.b3 a5 17.Bb2 a4 18.Qc2 axb3 19.axb3 O-O 20.Rad1 Qc7 21.Rd3 Ng6 22.Rh3 h6
23.Qe4 d5 24.exd6 Bxd6 25.Bd1 c5 26.Bc2 Be5 27.Bxe5 Qxe5 28.Qg4 Qf4 29.Qh5 Ne5
30.Re3 f5 31.g3 Qd4 32.Rd1 Qb2 33.Qe2 Nc6 34.Bxf5 Qf6 35.Bxe6+ Kh8 36.Bd5 Nd4
37.Qa2 Rb6 38.f4 g5 39.Rf1 Ra6 40.Qf2 Qg7 41.f5 g4 42.Rfe1 Raf6 43.Re7 Qg5
44.Re8 Qxf5 45.Qxf5 Rxf5 46.Rxf8+ Rxf8 47.Re4 h5 48.Re5 Rf5 49.Rxf5 Nxf5
50.Be4 Nd4 51.Bg6 h4 52.Bh5 Nf3+ 53.Kh1 Ne5 54.gxh4 Kg7 55.Kg2 Kh6 56.Be8 Nf3
57.Kg3 Nd4 58.h3 gxh3 59.Ba4 Kg6 60.Kxh3 Kf5 61.Kg3 Ne2+ 62.Kf3 Nd4+ 63.Ke3 Nc2+
64.Kd2 Nd4 65.Kd3 Nf3 66.Bd7+ Kf4 67.Kc3 Nxh4 68.b4 cxb4+ 69.Kxb4 Ng6 70.c5 Ne5
71.Bb5 Ke4 72.Bc4 Kd4 73.Bf1 Nc6+ 74.Kb5 Na7+ 75.Kb6 Nc8+ 76.Kc6 Na7+  1/2-1/2

[Event "Politiken Cup"]
[Site "Copenhagen"]
[Date "1999.07.11"]
[Round "8"]
[White "Hansen, Sune Berg"]
[Black "Mortensen, Erling"]
[Result "1-0"]
[WhiteElo "2558"]
[BlackElo "2445"]

1.e4 c5 2.Nf3 Nc6 3.Nc3 e6 4.d4 cxd4 5.Nxd4 Qc7 6.Be2 a6 7.O-O Nxd4 8.Qxd4 b5
9.Be3 Bb7 10.f4 Rc8 11.Bf3 Ne7 12.Rad1 Nc6 13.Qd3 d6 14.Kh1 Be7 15.a4 b4
16.Ne2 O-O 17.b3 Rfd8 18.Ng3 Nb8 19.Rf2 d5 20.e5 Nd7 21.Bd4 Bc5 22.Rfd2 Bxd4
23.Qxd4 a5 24.Qf2 Ba6 25.Nh5 Kh8 26.Qh4 Rg8 27.h3 Qd8 28.Qf2 Nc5 29.Qg3 Qe7
30.f5 exf5 31.Bxd5 Bb7 32.Bxb7 Qxb7 33.Qh4 Qb8 34.Nf6 h6 35.Nxg8 Rxg8 36.Rd6 Kh7
37.Qf4 g6 38.Qc4 Ne4 39.Rd7 Qxe5 40.Qxf7+  1-0

[Event "Komercni Banka op"]
[Site "Pardubice"]
[Date "1999.07.16"]
[Round "1"]
[White "Manik, Mikulas"]
[Black "Al Khateeb, Ahmed"]
[Result "1-0"]
[WhiteElo "2447"]
[BlackElo "2269"]

1.e4 c5 2.Nf3 e6 3.d4 cxd4 4.Nxd4 Nc6 5.Nc3 Qc7 6.f4 a6 7.Nxc6 bxc6 8.Bd3 d5
9.O-O Bc5+ 10.Kh1 f5 11.exf5 exf5 12.Na4 Ba7 13.c4 Nf6 14.cxd5 cxd5 15.Re1+ Kf7
16.Qf3 Qa5 17.Nc3 Ng4 18.Rf1 Be6 19.h3 h5 20.Bd2 Rab8 21.Be1 Qc5 22.Nd1 d4
23.Qe2 Ne3 24.Nxe3 dxe3 25.Bxa6 Rh6 26.Bh4 Rg6 27.Bd3 Qb4 28.b3 Bd5 29.Bg5 Rxg5
30.fxg5 g6 31.Rad1  1-0

[Event "Komercni Banka op"]
[Site "Pardubice"]
[Date "1999.07.17"]
[Round "2"]
[White "Vatter, Hans Joachim"]
[Black "Teske, Henrik"]
[Result "0-1"]
[WhiteElo "2361"]
[BlackElo "2515"]

1.e4 c5 2.Nf3 Nc6 3.d4 cxd4 4.Nxd4 e6 5.Nc3 Qc7 6.Be3 a6 7.Bd3 b5 8.O-O Bb7
9.Kh1 Nf6 10.f4 b4 11.e5 Nxe5 12.fxe5 Qxe5 13.Qd2 Bd6 14.Bg1 bxc3 15.bxc3 Ne4
16.Qe1 f5 17.Rb1 Rb8 18.Nf3 Qxc3 19.Ba7 Qxe1 20.Rfxe1 Ke7 21.Bxb8 Rxb8 22.Bxe4 Bxe4
23.Rxb8 Bxb8 24.Rb1 Ba7 25.Rb2 h6 26.h4 g6 27.c3 Kf6 28.Rd2 Bc6 29.Nd4 Bd5
30.a4 f4 31.a5 g5 32.hxg5+ hxg5 33.Nc2 Ke7 34.Rxd5 exd5 35.Nb4 Kd6 36.Nxa6 Bc5
37.Kh2 g4 38.Kh1 Kc6 39.Nb8+ Kc7 40.Na6+ Kd6 41.Kh2 Kc6 42.Nb8+ Kc7 43.Na6+ Kd6
44.Kh1 g3 45.Nb8 Ba3 46.Na6 Kc6 47.Kg1 Kb7 48.Nb4 Bxb4  0-1

[Event "Paris-ch"]
[Site "Paris"]
[Date "1999.07.18"]
[Round "2"]
[White "Abergel, Thal"]
[Black "Epishin, Vladimir"]
[Result "1/2-1/2"]
[WhiteElo "2231"]
[BlackElo "2657"]

1.e4 c5 2.Nf3 e6 3.d4 cxd4 4.Nxd4 Nc6 5.Nc3 Qc7 6.Be3 Nf6 7.Bd3 b6 8.O-O Bb7
9.a3 Nxd4 10.Bxd4 Bc5 11.Nb5 Qf4 12.g3 Qb8 13.Bxf6 gxf6 14.b4 Be7 15.Qh5 a6
16.Nc3 Qe5 17.Qxe5 fxe5 18.Rfe1 Kd8 19.Na4 Kc7 20.Nb2 f6 21.Bf1 Rhd8 22.Bh3 h5
23.c3 h4 24.f3 Rg8 25.Kf2 hxg3+ 26.hxg3 Rg7 27.Rg1 Rh8 28.Rh1 Rgh7 29.Bg2 d5
30.Rxh7 Rxh7 31.Rh1 Rxh1 32.Bxh1 f5 33.Bg2 a5 34.exf5 exf5 35.Bh3 Bc8 36.f4 Bf6
37.Nd1 Kd6 38.Ke2 Bg7 39.Ne3 exf4 40.gxf4 Bxc3 41.bxa5 Ba6+ 42.Kd1 bxa5 43.Kc2 Bf6
44.Bxf5 Kc5 45.Bd3 Bc8 46.Nf5 Bd7 47.Kb3 a4+ 48.Kc2 Be8 49.Ne3 Be7 50.Nf5 Bf8
51.Kb2 Bb5 52.Kc2 Bc4 53.Ne3 Bb3+ 54.Kd2 Bh6 55.Ng2 Kc6 56.Bc2 Bxc2 57.Kxc2 Bf8
58.f5 Bxa3 59.f6 Kd6 60.f7 Ke5 61.Ne3 Bf8 62.Nd1 a3 63.Kb3 d4 64.Nf2 Kf4
65.Nd3+ Ke3 66.Ne5 Ke4 67.Nc4 d3 68.Nxa3 d2 69.Kc2 Bxa3 70.Kxd2  1/2-1/2

[Event "Komercni Banka op"]
[Site "Pardubice"]
[Date "1999.07.19"]
[Round "4"]
[White "Kolotilin, Yuri"]
[Black "Borgo, Giulio"]
[Result "1-0"]
[WhiteElo "2334"]
[BlackElo "2444"]

1.e4 c5 2.Nf3 e6 3.d4 cxd4 4.Nxd4 Nc6 5.Nc3 a6 6.Be3 Qc7 7.Bd3 Nf6 8.O-O Nxd4
9.Bxd4 Bc5 10.Bxf6 gxf6 11.Qg4 Kf8 12.Kh1 h5 13.Qh4 Be7 14.f4 b5 15.f5 Qe5
16.Rae1 Bb7 17.a3 Kg7 18.Re3 Rag8 19.Rg3+ Kh6 20.Rf4 Rxg3 21.hxg3 Rg8 22.Nd1 Rg5
23.Kh2 Bc5 24.b4 Bb6 25.fxe6 dxe6 26.Nf2 Kg7 27.Nh3 Be3 28.Be2 Bxf4 29.Nxf4 Bxe4
30.c4 bxc4 31.Bxc4 Bg6 32.Be2 Qe3 33.a4 Kh6 34.Bf3 e5 35.Nd5 Qf2 36.Nxf6 Qe3
37.Ng4+ Rxg4 38.Bxg4 Qb3 39.Bxh5 Bxh5 40.g4 Qxa4  1-0

[Event "Bydgoszcz Bank Pocztowy op"]
[Site "Bydgoszcz"]
[Date "1999.07.20"]
[Round "9"]
[White "Antoniewski, Rafal"]
[Black "Kozakov, Mikhail"]
[Result "1-0"]
[WhiteElo "2417"]
[BlackElo "2450"]

1.e4 c5 2.Nf3 e6 3.d4 cxd4 4.Nxd4 Nc6 5.Nc3 Qc7 6.Be2 a6 7.O-O Nxd4 8.Qxd4 b5
9.Rd1 b4 10.Na4 Rb8 11.c4 d6 12.a3 a5 13.axb4 e5 14.Qd3 axb4 15.Be3 Ba6 16.Nb6 Bb7
17.Ra7 Qc6 18.c5 Nf6 19.cxd6 Qxe4 20.Qxe4 Bxe4 21.d7+ Kd8 22.Rc1  1-0

[Event "Paris-ch"]
[Site "Paris"]
[Date "1999.07.20"]
[Round "4"]
[White "Valentin, Rene"]
[Black "Nguyen Thanh Tong"]
[Result "0-1"]
[WhiteElo "2149"]
[BlackElo "2253"]

1.e4 c5 2.Nf3 e6 3.d4 cxd4 4.Nxd4 Nc6 5.Nc3 Qc7 6.g3 a6 7.Bg2 Nf6 8.O-O Be7
9.Re1 d6 10.Nxc6 bxc6 11.e5 dxe5 12.f4 exf4 13.Bxf4 Qb6+ 14.Kh1 O-O 15.Qf3 Bb7
16.Re5 Rad8 17.Rg5 g6 18.Rf1 Ba8 19.Na4 Qb4 20.Nc5 Bxc5 21.Be5 Nd7 22.Bc3 Qb8
23.Qh5 Be7 24.Qh6 e5 25.Rh5 gxh5 26.Rf5 Qd6 27.Rg5+ Qg6 28.Rxg6+ hxg6 29.Bh3 c5+
30.Kg1 Bf6 31.Ba5 Bg7 32.Qd2 Nb6 33.Qe2 Rd6 34.Qxa6 Rd1+ 35.Kf2 Nd5 36.Bg2 Rc1
37.Qd3 Nb4 38.Bxb4 cxb4 39.Qd2 Bh6  0-1